|
|
|
|
| LEADER |
00000nam0a2200000 4500 |
| 001 |
847 |
| 005 |
20231101204141.0 |
| 010 |
|
|
|a 5861340163
|
| 035 |
|
|
|a (RuTPU)RU\TPU\book\851
|
| 035 |
|
|
|a BOOK00000852
|
| 090 |
|
|
|a 847
|
| 100 |
|
|
|a 20011209d1995 k y0rusy50 ca
|
| 101 |
0 |
|
|a rus
|
| 102 |
|
|
|a RU
|
| 105 |
|
|
|a y z 000zy
|
| 200 |
1 |
|
|a Основы функционального анализа
|f С. С. Кутателадзе
|g СО РАН; Институт математики
|
| 205 |
|
|
|a 2-е изд., доп.
|
| 210 |
|
|
|a Новосибирск
|c Изд-во ИМ СО РАН
|d 1995
|
| 215 |
|
|
|a 226 с.
|
| 225 |
1 |
|
|a Современная математика - студентам и аспирантам
|
| 610 |
1 |
|
|a функциональный анализ
|
| 610 |
1 |
|
|a банаховы пространства
|
| 610 |
1 |
|
|a банаховы алгебры
|
| 610 |
1 |
|
|a гильбертовы пространства
|
| 675 |
|
|
|a 517.98
|v 3
|
| 700 |
|
1 |
|a Кутателадзе
|b С. С.
|g Семен Самсонович
|
| 712 |
0 |
2 |
|a Российская академия наук
|b Сибирское отделение
|b Институт математики им. С. Л. Соболева
|c (Новосибирск)
|2 stltpush
|3 (RuTPU)RU\TPU\col\43
|9 23149
|
| 801 |
|
0 |
|a RU
|b 63413507
|c 20011209
|g PSBO
|
| 801 |
|
2 |
|a RU
|b 63413507
|c 20070302
|g PSBO
|
| 942 |
|
|
|c BK
|